Mediterranean climate variability
Αποθηκεύτηκε σε:
| Άλλοι συγγραφείς: | , , |
|---|---|
| Μορφή: | Βιβλίο |
| Γλώσσα: | English |
| Δημοσίευση: |
Amsterdam :
Elsevier,
2006
|
| Έκδοση: | 1st ed. |
| Σειρά: | Developments in earth & environmental sciences ;
; 4 |
| Θέματα: | |
| Ετικέτες: |
Προσθήκη ετικέτας
Δεν υπάρχουν, Καταχωρήστε ετικέτα πρώτοι!
|
MARC
| LEADER | 00000nam a2200000 i 4500 | ||
|---|---|---|---|
| 001 | 1/92104 | ||
| 008 | 080820s2006 eng d | ||
| 020 | |a 978-0-444-52170-5 | ||
| 020 | |a 0-444-52170-4 | ||
| 035 | |l 10099481 | ||
| 040 | |a GR-MY-UA |b gre |e aacr | ||
| 041 | 0 | |a eng | |
| 082 | 0 | |a 551.691822 |2 (22) | |
| 245 | 1 | 0 | |a Mediterranean climate variability / |c edited by P. Lionello, P. Malanotte-Rizzoli, R. Boscolo |
| 250 | |a 1st ed. | ||
| 260 | |a Amsterdam : |b Elsevier, |c 2006 | ||
| 300 | |a xv, 421 σ.; |b εικ. (μερ. έγχρ.), χάρτες (μερ. έγχρ.); |c 25 εκ. | ||
| 490 | 1 | |a Developments in earth & environmental sciences |v ; 4 |x 1571-9197 | |
| 504 | |a Περιέχει βιβλιογραφικές παραπομπές και ευρετήριο | ||
| 650 | 0 | 0 | |a Mediterranean climate. |
| 650 | 0 | 0 | |a Climatic changes |z Mediterranean Region. |
| 700 | 1 | |a Lionello, Piero. |4 edt | |
| 700 | 1 | |a Malanotte-Rizzoli, Paola |d 1946- |4 edt | |
| 700 | 1 | |a Boscolo, R. |q (Roberta) |4 edt | |
| 830 | 0 | |a Developments in earth & environmental sciences ; |v ; 4 |x 1571-9197 | |
| 852 | |a INST |b LESVOS |e 20080820 |h 551.691822 MED |p 005100042003 |q 005100042003 |t BK |y 0 | ||
| 901 | |a BIBL1-2008-2 | ||
| 909 | |a Λ |b 145209 | ||
| 922 | |a 1ΕΛΗ |b 200801 |c ΕΠΕΑΕΚ2/ΤΕΘ |d ΕΛΕΥΘΕΡΟΥΔΑΚΗΣ | ||
| 970 | |a ΚΑΡΑ |b ΓΙΑΣΕΜΗ |z 2008/08/20 | ||